000
00410nam a22001697a 4500
003
MPLRDC
005
20220104123546.0
008
210129b ||||| |||| 00| 0 eng d
082
_a
434.11 XYAS
100
_a
星野安伸讲; 安达充著
245
_a
神奇的糙米酵素
_c
250
_a
三版
260
_a
_b
青春出版社
_c
1990
300
_b
平
650
_a
稻类
942
_c
BK
_o
434.11 XYAS
999
_c
12369
_d
12359